Mots commençant par "A" dans la chanson française - Statistiques

Statistiques générales
  • Ce quiz a été pris 6 802 fois
  • Le résultat moyen est 11 sur 16
Statistiques - réponses
Artiste Titre % Correct
Johnny Hallyday {Allumer} le feu
99%
Édith Piaf L'Hymne à l'{amour}
99%
Sexion d'Assaut {Avant} qu'elle parte
91%
Fredericks, Goldman et Jones À nos {actes} manqués
87%
Barbara L'{Aigle} noir
87%
Calogero En {Apesanteur}
84%
Les Enfoirés {Attention} au départ
78%
Daniel Balavoine La Vie ne m'{apprend} rien
66%
Dalida Gigi l'{Amoroso}
63%
Marc Lavoine Le Parking des {anges}
63%
Léo Ferré {Avec} le temps
60%
Henri Salvador Zorro est {arrivé}
58%
Jacques Brel La Chanson des vieux {amants}
55%
Pierre Bachelet Elle est d'{ailleurs}
52%
George Brassens Chanson pour l'{Auvergnat}
47%
Michel Sardou Afrique {adieu}
39%
Aucun quiz correspondant
Distribution des résultats
% des personnes avec chaque résultat
Percentile par nombre de réponses
Votre historique - résultats
Vous n’avez pas pris ce quiz